Century 21 Accounting (Record no. 82012)
[ view plain ]
| 000 -LEADER | |
|---|---|
| fixed length control field | 00240nam a2200097Ia 4500 |
| 050 ## - LIBRARY OF CONGRESS CALL NUMBER | |
| Classification number | HF5635.G55 2006 |
| 100 ## - MAIN ENTRY--PERSONAL NAME | |
| Personal name | Gilbertson Claudia Bienas |
| 245 #0 - TITLE STATEMENT | |
| Title | Century 21 Accounting |
| 942 ## - ADDED ENTRY ELEMENTS (KOHA) | |
| Koha item type | Long Loan Book |
| Withdrawn status | Lost status | Source of classification or shelving scheme | Damaged status | Not for loan | Collection | Home library | Current library | Shelving location | Date acquired | Inventory number | Total checkouts | Full call number | Barcode | Date last seen | Copy number | Price effective from | Koha item type |
|---|---|---|---|---|---|---|---|---|---|---|---|---|---|---|---|---|---|
| Library of Congress Classification | Business & Economics | Kisii University Library | Kisii University Library | On Display | 01/16/2026 | 68611 | HF5635 .C46 1995 | 000000020913 | 01/16/2026 | C.24 | 01/16/2026 | Long Loan Book |